Scottish councils warned on recycling (Record no. 117075)

MARC details
000 -LEADER
fixed length control field 01262cam a2200253 4500
001 - CONTROL NUMBER
control field WB4009-17
008 - FIXED-LENGTH DATA ELEMENTS--GENERAL INFORMATION
fixed length control field 040303n2004 000 0 eng u
035 ## - SYSTEM CONTROL NUMBER
System control number (Sirsi) u125313
245 ## - TITLE STATEMENT
Title Scottish councils warned on recycling
260 ## - PUBLICATION, DISTRIBUTION, ETC.
Date of publication, distribution, etc. 2004
490 ## - SERIES STATEMENT
Series statement ENDS Report
Volume/sequential designation (349) February 2004, 16(1)
520 ## - SUMMARY, ETC.
Summary, etc. Scottish local authorities are being too slow in reducing the amount of waste sent to landfill and increasing the amount they recycle, according to the Accounts Commission. The Scottish Executive target for councils to increase the amount of municipal waste that is recycled or composted is 25% by 2006. Whilstthe latest recycling and composting rate rose from 7.4 to just 9.6% in 2002-2003 fewer than half of Scotland's 32 councils managed to recycle or compost more than 10% of municipal waste. View the report "Environmental and regulatory services - performance indicators 2002/03" at http://www.audit-scotland.gov.uk/publications/inde x.htm.
590 ## - LOCAL NOTE (RLIN)
Local note WB
590 ## - LOCAL NOTE (RLIN)
Local note WB
650 ## - SUBJECT ADDED ENTRY--TOPICAL TERM
Topical term or geographic name entry element LOCAL AUTHORITIES
650 ## - SUBJECT ADDED ENTRY--TOPICAL TERM
Topical term or geographic name entry element SCOTLAND
650 ## - SUBJECT ADDED ENTRY--TOPICAL TERM
Topical term or geographic name entry element MUNICIPAL SOLID WASTE
650 ## - SUBJECT ADDED ENTRY--TOPICAL TERM
Topical term or geographic name entry element RECYCLING
650 ## - SUBJECT ADDED ENTRY--TOPICAL TERM
Topical term or geographic name entry element COMPOSTING
650 ## - SUBJECT ADDED ENTRY--TOPICAL TERM
Topical term or geographic name entry element LANDFILL
650 ## - SUBJECT ADDED ENTRY--TOPICAL TERM
Topical term or geographic name entry element PERFORMANCE INDICATORS
690 ## - LOCAL SUBJECT ADDED ENTRY--TOPICAL TERM (OCLC, RLIN)
Topical term or geographic name as entry element WASTE MANAGEMENT
942 ## - ADDED ENTRY ELEMENTS (KOHA)
Suppress in OPAC 0
Holdings
Withdrawn status Lost status Source of classification or shelving scheme Damaged status Not for loan Home library Current library Shelving location Date acquired Total Checkouts Full call number Barcode Date last seen Copy number Price effective from Koha item type
    Dewey Decimal Classification     London London News article 03/03/2004   WB4009-17 125313-1001 06/08/2019 1 06/08/2019 News article